[Event "13th S&WYM"]
[Site "Millfield School ENG"]
[Date "2003.07.10"]
[Round "2"]
[White "Hanley,C"]
[Black "Jones,G"]
[Result "1-0"]
[WhiteElo "2387"]
[BlackElo "2347"]

1.e4 c5 2.c3 Nf6 3.e5 Nd5 4.Nf3 Nc6 5.Bc4 Nb6 6.Bb3 c4 7.Bc2 Qc7 8.Qe2 g5
9.h3 Bg7 10.O-O Nxe5 11.Nxg5 d5 12.Bxh7 Bf6 13.d4 cxd3 14.Bxd3 Nxd3 15.Qxd3 Rh5
16.f4 Bd7 17.a4 O-O-O 18.a5 Nc4 19.a6 Qc5+ 20.Kh2 b6 21.Nxf7 Rg8 22.b3 Bc6
23.Ra2 Be8 24.bxc4 Bxf7 25.Nd2 e5 26.Kh1 Be6 27.f5 Bf7 28.Ne4 dxe4 29.Qxe4 Qc7
30.Qa8+ Qb8 31.Qc6+ Qc7 32.Qa8+ Qb8 33.Qc6+ Qc7 34.Qxf6 Bxc4 35.Rd2 Kb8 36.Ba3 Ka8
37.Rfd1 Bxa6 38.Rd8+ Rxd8 39.Rxd8+ Bc8 40.Qf8 Kb7 41.Rxc8 Qxc8 42.Qf7+  1-0

[Event "Andorra"]
[Site "Andorra la Vella AND"]
[Date "2003.07.11"]
[Round "7"]
[White "Narciso Dublan,M"]
[Black "Epishin,V"]
[Result "1/2-1/2"]
[WhiteElo "2518"]
[BlackElo "2642"]

1.e4 c5 2.c3 Nf6 3.e5 Nd5 4.d4 cxd4 5.Nf3 e6 6.cxd4 d6 7.Be2 Be7 8.O-O O-O
9.Nc3 Nxc3 10.bxc3 b6 11.exd6 Bxd6 12.Ng5 Nd7 13.Bf3 Rb8 14.Ne4 Qc7 15.Nxd6 Qxd6
16.Qa4 Qc7 17.c4 Nf6 18.Bg5 Bb7 19.Bxf6 gxf6 20.Qxa7 Rfc8 21.Bxb7 Qxb7 22.Qxb7 Rxb7
23.Rfc1 Rbc7 24.c5 e5 25.Re1 bxc5 26.dxe5 fxe5 27.Rxe5 c4 28.g3 c3 29.Rc1 Rd8
30.Kg2 Rd2 31.a4 c2 32.Ree1 Rc4 33.Ra1 Rd1 34.Rexd1 cxd1=Q 35.Rxd1 Rxa4 36.Rd5 Kg7
37.h3 h6 38.g4 Ra3 39.f3 Ra4 40.Kg3 Rb4 41.h4 Ra4 42.Rd6 Rb4 43.g5 hxg5 44.hxg5 Rb5
45.Kg4 Ra5 46.f4 Ra4 47.Rd5 Kg6 48.Rd6+ Kg7 49.Rb6 Rc4 50.Rb8 Ra4 51.Rd8 Rb4
52.Kf5 Rb5+ 53.Ke4 Rb4+ 54.Ke5 Rb5+ 55.Rd5 Rxd5+ 56.Kxd5 f6 57.gxf6+ Kxf6  1/2-1/2

[Event "25th Open"]
[Site "Oberwart AUT"]
[Date "2003.07.12"]
[Round "8"]
[White "Hofbauer,P"]
[Black "Danner,G"]
[Result "0-1"]
[WhiteElo "2107"]
[BlackElo "2359"]

1.e4 c5 2.c3 Nf6 3.e5 Nd5 4.d4 cxd4 5.cxd4 e6 6.Nc3 Nxc3 7.bxc3 Qc7 8.Bd2 b6
9.Nf3 Bb7 10.Be2 d6 11.O-O Nd7 12.Bf4 Be7 13.exd6 Bxd6 14.Bxd6 Qxd6 15.Qd2 O-O
16.Rfd1 Rac8 17.Rac1 Rc7 18.Qe3 Rfc8 19.c4 Nf8 20.Rd2 Ng6 21.c5 Qf4 22.Rdc2 bxc5
23.dxc5 Qxe3 24.fxe3 e5 25.Kf2 Kf8 26.Nd2 Ne7 27.Bf3 Bxf3 28.Kxf3 f5 29.Nb3 Rd8
30.c6 Kf7 31.Na5 Rd5 32.Rc5 Ke6 33.Rxd5 Kxd5 34.Rd1+ Ke6 35.Rc1 Kd5 36.Rd1+ Ke6
37.Rc1 g5 38.Rc2 h5 39.e4 g4+ 40.Ke3 fxe4 41.Kxe4 Nd5 42.Rb2 Rf7 43.Rb7 Rf4+
44.Kd3 Ra4 45.Rxa7 e4+ 46.Kd2 Rxa2+ 47.Ke1 e3 48.c7 Kd7 49.c8=Q+ Kxc8 50.Nc6 Rxg2
51.Rh7 Rxh2 52.Na7+ Kd8 53.Nc6+ Ke8 54.Rh8+ Kf7 55.Rh7+ Kg6 56.Rd7 Nf4 57.Rd6+ Kg5  0-1

[Event "25th Open"]
[Site "Oberwart AUT"]
[Date "2003.07.12"]
[Round "8"]
[White "Fucak,E"]
[Black "Navara,D"]
[Result "0-1"]
[WhiteElo "2282"]
[BlackElo "2608"]

1.e4 c5 2.c3 Nf6 3.e5 Nd5 4.d4 e6 5.Nf3 cxd4 6.Qxd4 Nc6 7.Qe4 b6 8.Bb5 Bb7
9.Bg5 Qc7 10.O-O h6 11.Bh4 Nde7 12.Nbd2 Nf5 13.Rfe1 Ncd4 14.Qd3 Nxb5 15.Qxb5 Nxh4
16.Nxh4 Be7 17.Nhf3 O-O 18.Rad1 Rfd8 19.Ne4 d6 20.exd6 Bxd6 21.Rxd6 Rxd6
22.Nxd6 Qxd6 23.Nd4 Rd8 24.Qe5 Qxe5 25.Rxe5 Bd5 26.b3 f6 27.Re2 e5 28.Nc2 Bb7
29.f3 Kf7 30.Kf2 g5 31.c4 h5 32.Na3 Ke6 33.Nb5 a6 34.Nc3 Bc6 35.Ne4 Rd4 36.Ke3 g4
37.h4 Kf5 38.Rf2 Kg6 39.Rc2 f5 40.Nd2 g3 41.Rc3 Rxh4 42.c5 b5 43.Rd3 f4+
44.Ke2 Rh2 45.Rd6+ Kf5 46.Kd3 Bxf3 47.Nxf3 e4+ 48.Kc3 exf3 49.c6 Rh1 50.Kb2 fxg2
51.c7 Rb1+  0-1

[Event "Open"]
[Site "Mariupol UKR"]
[Date "2003.07.13"]
[Round "3"]
[White "Fingerov,D"]
[Black "Varchenko,G"]
[Result "1-0"]
[WhiteElo "2364"]
[BlackElo "2234"]

1.e4 c5 2.c3 Nf6 3.e5 Nd5 4.d4 cxd4 5.cxd4 d6 6.Nf3 Nc6 7.Bc4 e6 8.O-O dxe5
9.dxe5 Nb6 10.Bb5 Qxd1 11.Rxd1 Bd7 12.Nc3 Bb4 13.Bf1 Bxc3 14.bxc3 Nd5 15.c4 Nde7
16.Ba3 Ng6 17.Bd6 O-O-O 18.a4 f6 19.exf6 gxf6 20.a5 a6 21.c5 e5 22.Nd2 Be6
23.Ne4 f5 24.Nc3 Bb3 25.Rdb1 Nd4 26.Ra3 Bc2 27.Rb2 Be4 28.Nxe4 fxe4 29.g3 Nf5  1-0

[Event "13th S&WYM"]
[Site "Millfield School ENG"]
[Date "2003.07.13"]
[Round "5"]
[White "Hanley,C"]
[Black "Mah,K"]
[Result "1/2-1/2"]
[WhiteElo "2387"]
[BlackElo "2418"]

1.e4 c5 2.c3 Nf6 3.e5 Nd5 4.Nf3 e6 5.d4 cxd4 6.cxd4 d6 7.Bc4 Nc6 8.O-O Be7
9.a3 O-O 10.Qe2 Bd7 11.Bd3 f5 12.exf6 Bxf6 13.Qe4 g6 14.h4 Bg7 15.Bg5 Nf6
16.Qe2 Qb6 17.Nc3 Nxd4 18.Nxd4 Qxd4 19.Bb5 Bc8 20.Rfd1 Qb6 21.Na4 Qd8 22.h5 a6
23.Bc4 Qa5 24.Bxe6+ Bxe6 25.Qxe6+ Kh8 26.h6 Qxg5 27.hxg7+ Kxg7 28.Qxd6 Rac8
29.b4 Rc6 30.Qd4 Qg4 31.Qxg4 Nxg4 32.Nc5 Rf7 33.f3 Ne3 34.Rd3 Nc4 35.Re1 Rd6
36.Rxd6 Nxd6 37.a4 Kh6 38.Re6 Nc8 39.Kf2 Rf4 40.Ne4 Kg7 41.Ke3 Rf5 42.g4 Rf7
43.b5  1/2-1/2

[Event "Masters"]
[Site "Saint Lo FRA"]
[Date "2003.07.13"]
[Round "5"]
[White "Le Roux,JP"]
[Black "Berube,R"]
[Result "1/2-1/2"]
[WhiteElo "2442"]
[BlackElo "2305"]

1.e4 c5 2.c3 Nf6 3.e5 Nd5 4.Nf3 e6 5.d4 cxd4 6.cxd4 d6 7.exd6 Bxd6 8.Bd3 Nc6
9.O-O Be7 10.Nc3 Nf6 11.Bg5 O-O 12.Rc1 Nb4 13.Bb1 b6 14.Re1 Bb7 15.Ne5 Nbd5
16.Qd3 g6 17.Qh3 Nh5 18.Bxe7 Qxe7 19.Nxd5 Bxd5 20.Qe3 Rac8 21.a3 Qb7 22.f3 Rxc1
23.Rxc1 Rc8 24.Rc3 Rxc3 25.bxc3 b5 26.Bd3 a6 27.Bf1 Qe7 28.Qc1 Qb7 29.Ng4 Qe7
30.Ne5 Nf6 31.Qg5 Kg7 32.Ng4 Ng8 33.Qc1 h5 34.Ne3 Nf6 35.Qb2 Qc7 36.Qc1 Qd6
37.Bd3 h4 38.h3 Qg3 39.Nf1 Qd6 40.Ne3 Nh7 41.Nxd5 Qxd5 42.Bf1 Qd6 43.Qb2 e5
44.Qb4 Qxb4 45.axb4 exd4 46.c4 Ng5 47.Kf2 Kf6 48.g3 hxg3+ 49.Kxg3 Ke5 50.cxb5 axb5
51.Bxb5 d3 52.Kf2 Kd4 53.Ba4 Nxh3+ 54.Ke1 Ng5 55.b5 Kc5 56.Kd2 Nxf3+ 57.Kxd3 Ne5+
58.Ke4 Nd7 59.Kf4 f6 60.Bc2 g5+ 61.Kf5 Kd6 62.b6 Ke7 63.b7 Nb8 64.Ba4 Kd6
65.Kxf6 g4 66.Bd1 g3 67.Bf3  1/2-1/2

[Event "13th S&WYM Rated"]
[Site "Millfield School ENG"]
[Date "2003.07.14"]
[Round "6"]
[White "Seymour,J"]
[Black "Peck,P"]
[Result "1-0"]
[WhiteElo "2029"]
[BlackElo "2064"]

1.e4 c5 2.c3 Nf6 3.e5 Nd5 4.Nf3 e6 5.Bc4 Nb6 6.Bb3 Nc6 7.O-O Be7 8.Re1 O-O
9.d4 cxd4 10.cxd4 d5 11.Nc3 f5 12.exf6 Bxf6 13.Bc2 Nc4 14.b3 Nd6 15.Ba3 Re8
16.Ne5 Nf5 17.Qh5 Bxe5 18.dxe5 g6 19.Qh3 a6 20.Rad1 Qc7 21.Bxf5 gxf5 22.Rd3 Ne7
23.Bd6 Qd8 24.Rg3+ Ng6 25.Qh6 Re7 26.Bxe7 Qxe7 27.h4 Qf8 28.Qg5 Kh8 29.Na4 b5
30.h5 Ne7 31.Rc1 f4 32.Rg4 h6 33.Qf6+  1-0

[Event "24th Open"]
[Site "Bled SLO"]
[Date "2003.07.16"]
[Round "3"]
[White "Janovsky,S"]
[Black "Jeric,S"]
[Result "1-0"]
[WhiteElo "2495"]
[BlackElo "2316"]

1.e4 c5 2.c3 Nf6 3.e5 Nd5 4.d4 cxd4 5.Nf3 Nc6 6.Bc4 e6 7.cxd4 d6 8.O-O Be7
9.Qe2 O-O 10.Nc3 Nxc3 11.bxc3 dxe5 12.dxe5 Qa5 13.Bd2 Rd8 14.Rfe1 Qa4 15.Bb3 Qg4
16.Bc2 Na5 17.Bxh7+ Kf8 18.Be4 Bd7 19.h3 Qh5 20.c4 Nc6 21.Bf4 Rac8 22.Kh2 b6
23.g4 Qh8 24.Red1 Na5 25.Rac1 Bc6 26.Bxc6 Rxc6 27.Rxd8+ Bxd8 28.Qd3 Be7 29.Qd7 g5
30.Bd2 Qh7 31.Nd4 Rc5 32.Re1 Nxc4 33.Bxg5 Nxe5 34.Qxe7+ Kg8 35.Rxe5  1-0

[Event "24th Open"]
[Site "Bled SLO"]
[Date "2003.07.16"]
[Round "4"]
[White "Jeric,S"]
[Black "Tavcar,R"]
[Result "1-0"]
[WhiteElo "2316"]
[BlackElo "2103"]

1.e4 c5 2.c3 Nf6 3.e5 Nd5 4.d4 cxd4 5.Nf3 d6 6.cxd4 Nc6 7.Bc4 Nb6 8.Bb5 a6
9.Bxc6+ bxc6 10.O-O d5 11.Qc2 Qd7 12.Nbd2 e6 13.Nb3 Nc4 14.Nc5 Bxc5 15.dxc5 Qc7
16.Re1 h6 17.b3 Na5 18.Bd2 Nb7 19.Nd4 Nd8 20.b4 Bd7 21.a4 O-O 22.Ra3 f6 23.Bxh6 fxe5
24.Bxg7 Be8 25.Bxe5 Qb7 26.Rg3+  1-0

[Event "25th Politiken Cup"]
[Site "Copenhagen DEN"]
[Date "2003.07.16"]
[Round "3"]
[White "Royset,P"]
[Black "Solleveld,Maa"]
[Result "0-1"]
[WhiteElo "2252"]
[BlackElo "2458"]

1.e4 c5 2.c3 Nf6 3.e5 Nd5 4.Nf3 e6 5.d4 cxd4 6.cxd4 d6 7.a3 Nc6 8.Bd3 g6
9.O-O Bg7 10.Re1 O-O 11.Nc3 Nxc3 12.bxc3 dxe5 13.dxe5 Qa5 14.Qe2 Bd7 15.c4 Rac8
16.h4 h5 17.Bb2 Rfd8 18.Rad1 Be8 19.Qe4 Qb6 20.Rb1 Qc7 21.Rbd1 Na5 22.Nd2 Ba4
23.Rb1 Qd7 24.Re3 Bh6 25.Rg3 Bxd2 26.Be2 Qc6 27.Rxg6+ Kf8 28.Qxc6 bxc6  0-1

[Event "25th Politiken Cup"]
[Site "Copenhagen DEN"]
[Date "2003.07.16"]
[Round "3"]
[White "Nohr,F"]
[Black "Skytte,R"]
[Result "0-1"]
[WhiteElo "2136"]
[BlackElo "2404"]

1.e4 c5 2.c3 Nf6 3.e5 Nd5 4.d4 cxd4 5.Nf3 e6 6.cxd4 d6 7.a3 Bd7 8.Bd3 Bc6
9.O-O Nd7 10.b4 a6 11.Re1 Qc7 12.Bb2 N7b6 13.Nbd2 Na4 14.Qc2 Be7 15.Rac1 Nxb2
16.Qxb2 O-O 17.Ne4 Nf4 18.Bf1 Rfd8 19.g3 Ng6 20.h4 Qd7 21.h5 Bxe4 22.Rxe4 Nf8
23.Re3 d5 24.Rec3 Rdc8 25.Qc2 Rxc3 26.Qxc3 Bd8 27.Nh2 h6 28.Ng4 Nh7 29.f4 Bb6
30.Kh1 Qe8 31.Ne3 f6 32.Be2 fxe5 33.fxe5 Ng5 34.Ng2 Ne4 35.Qe3 Bxd4  0-1

[Event "BCSA Open"]
[Site "Batumi GEO"]
[Date "2003.07.18"]
[Round "2"]
[White "Mikadze,M"]
[Black "Paresishvili,G"]
[Result "1/2-1/2"]
[WhiteElo "2007"]
[BlackElo "2286"]

1.e4 c5 2.c3 Nf6 3.e5 Nd5 4.d4 cxd4 5.cxd4 e6 6.Nf3 d6 7.Nc3 Nc6 8.Bd3 dxe5
9.dxe5 Be7 10.O-O Nxc3 11.bxc3 O-O 12.Qe2 Qc7 13.Re1 Rd8 14.h4 g6 15.Bf4 b6
16.Ng5 Bb7 17.Rad1 Na5 18.h5 Qxc3 19.hxg6 hxg6 20.Qe3 Kg7 21.Nxe6+ Kg8 22.Nxd8 Rxd8
23.e6 f5 24.Qg3 Qf6 25.Be5 Qg5 26.Qxg5 Bxg5 27.Bb5 Nc6 28.Bc7 Rc8 29.Rd7 Ba8
30.Bc4 Ne7 31.Red1 Kh7 32.R1d3 Bf6 33.Rh3+ Kg7 34.Be5 Bxe5 35.Rxe7+ Kf6 36.Rf7+ Kg5
37.Bf1 Bd5 38.Rxa7  1/2-1/2

[Event "24th Open"]
[Site "Bled SLO"]
[Date "2003.07.18"]
[Round "6"]
[White "Jeric,S"]
[Black "Perman,E"]
[Result "1-0"]
[WhiteElo "2316"]
[BlackElo "2081"]

1.e4 c5 2.c3 Nf6 3.e5 Nd5 4.d4 cxd4 5.cxd4 Nc6 6.Bc4 Nb6 7.Bb3 d6 8.exd6 Qxd6
9.Ne2 Bg4 10.Nbc3 Bxe2 11.Nxe2 e6 12.O-O Qd7 13.Be3 Be7 14.Nf4 Nd5 15.Nxd5 exd5
16.Qf3 Rd8 17.Rad1 O-O 18.Bc2 f5 19.h4 g6 20.g3 Bf6 21.h5 Qg7 22.hxg6 hxg6
23.Bb3 Qf7 24.a3 Qe6 25.Kg2 Rfe8 26.Bc2 Na5 27.Rh1 Nc4 28.Rde1 Nxe3+ 29.Rxe3 Qf7
30.g4 Rxe3 31.fxe3 fxg4 32.Qxg4 g5 33.Rh7 Qe8 34.Qf5 Rd6 35.Rxb7 Qh5 36.Bd1 Qe8
37.Bf3  1-0

[Event "25th Politiken Cup"]
[Site "Copenhagen DEN"]
[Date "2003.07.18"]
[Round "5"]
[White "Paaske,A"]
[Black "Olsen,M"]
[Result "1-0"]
[WhiteElo "2162"]
[BlackElo "2036"]

1.e4 c5 2.c3 Nf6 3.e5 Nd5 4.d4 cxd4 5.Nf3 e6 6.cxd4 d6 7.Bc4 Nb6 8.Bb3 dxe5
9.Nxe5 Nc6 10.Nxc6 bxc6 11.O-O Be7 12.Nc3 O-O 13.Be3 Bb7 14.Qg4 Kh8 15.Rac1 Rc8
16.Rfd1 Nd5 17.Nxd5 cxd5 18.Rxc8 Qxc8 19.h4 Qd8 20.h5 f5 21.Qg3 Bh4 22.Qf4 Be7
23.Qg3 Bh4 24.Qe5 Qf6 25.Bf4 g5 26.Qxf6+  1-0

[Event "BCSA Open"]
[Site "Batumi GEO"]
[Date "2003.07.19"]
[Round "3"]
[White "Jamagidze,M"]
[Black "Khurtsidze,N"]
[Result "0-1"]
[WhiteElo "2259"]
[BlackElo "2440"]

1.e4 c5 2.c3 Nf6 3.e5 Nd5 4.d4 cxd4 5.Qxd4 e6 6.Nf3 Nc6 7.Qe4 Qc7 8.Nbd2 f5
9.exf6 Nxf6 10.Qh4 Be7 11.Bd3 Ne5 12.Bc2 d5 13.O-O Nf7 14.Ng5 Nxg5 15.Qxg5 O-O
16.Nf3 Bd6 17.Qh4 e5 18.Bb3 h6 19.Re1 Bd7 20.Be3 Rad8 21.Rad1 Be6 22.Bf4 e4
23.Nd4 Bd7 24.Bxd6 Qxd6 25.Qg3 Qc5 26.h3 Kh8 27.Nc2 Nh5 28.Qe3 Qe7 29.Bxd5 Nf4
30.Bxe4 Qg5 31.Qg3 Qb5 32.Rd2 Qxb2 33.Kh2 Nh5 34.Qc7 Nf6 35.Bxb7 Rb8 36.Bf3 Rbc8
37.Qxa7 Rxc3 38.Ree2 Qb1 39.Nd4 Rc1 40.Rb2 Rh1+ 41.Kg3 Qg6+ 42.Kf4 Qg5+  0-1

[Event "Open"]
[Site "Mariupol UKR"]
[Date "2003.07.19"]
[Round "9"]
[White "Demkovich,A"]
[Black "Matjushin,O"]
[Result "1-0"]
[WhiteElo "2422"]
[BlackElo "2200"]

1.e4 c5 2.c3 Nf6 3.e5 Nd5 4.g3 d6 5.exd6 e6 6.Bg2 Nc6 7.Nf3 Bxd6 8.O-O O-O
9.d4 cxd4 10.Nxd4 Bd7 11.c4 Nf6 12.Nc3 Nxd4 13.Qxd4 Bc6 14.Rd1 Bxg2 15.Kxg2 Be7
16.Qf4 Qb6 17.b3 Rfd8 18.Be3 Qc6+ 19.Qf3 Qxf3+ 20.Kxf3 a6 21.Bb6 Rxd1 22.Rxd1 Kf8
23.Na4 Rc8 24.Ke2 Ke8 25.f3 Nd7 26.Bd4 f6 27.c5 Rc6 28.b4 Bd8 29.Be3 Rc8
30.Rc1 Nb8 31.Nb2 Nc6 32.Nd3 Bc7 33.a4 Ne5 34.Nxe5 Bxe5 35.f4 Bb8 36.b5 axb5
37.axb5 e5 38.f5 Rd8 39.Ra1 g6 40.g4 Kd7 41.Kf3 h5 42.Rd1+ Ke7 43.Rxd8 hxg4+
44.Kxg4 gxf5+ 45.Kxf5 Kxd8 46.Kxf6 Ke8 47.h4 Kf8 48.h5  1-0

[Event "18th Touraine Open"]
[Site "Avoine FRA"]
[Date "2003.07.20"]
[Round "2"]
[White "Braeuning,R"]
[Black "Clement,N"]
[Result "1-0"]
[WhiteElo "2272"]
[BlackElo "2146"]

1.e4 c5 2.c3 Nf6 3.e5 Nd5 4.d4 cxd4 5.Nf3 Nc6 6.Bc4 Nb6 7.Bb3 d6 8.exd6 Qxd6
9.O-O Bf5 10.Nxd4 Nxd4 11.cxd4 g6 12.Qf3 Qc6 13.d5 Qd7 14.a4 a5 15.Be3 Nc8
16.Bd4 f6 17.Na3 Bh6 18.Nc4 Kf8 19.d6 Kg7 20.Rfe1 Ra6 21.dxe7 Nxe7 22.Rad1 Qc7
23.Bb6 Rxb6 24.Nxb6 Bf4 25.Rxe7+  1-0

[Event "25th Politiken Cup"]
[Site "Copenhagen DEN"]
[Date "2003.07.20"]
[Round "7"]
[White "Andersson,C"]
[Black "Pallesen,J"]
[Result "1-0"]
[WhiteElo "2149"]
[BlackElo "2056"]

1.e4 c5 2.c3 Nf6 3.e5 Nd5 4.d4 e6 5.Nf3 Nc6 6.c4 Ndb4 7.d5 exd5 8.cxd5 Nd4
9.Nxd4 cxd4 10.Be2 Bc5 11.d6 Nc6 12.O-O Nxe5 13.b4 Bxd6 14.Qxd4 Qb6 15.Qxb6 axb6
16.Bb2 O-O 17.a3 Ng6 18.Nd2 Re8 19.Bb5 Be5 20.Bxe5 Rxe5 21.a4 d5 22.f4 Re7
23.f5 Nf8 24.f6 Re6 25.fxg7 Kxg7 26.Rac1 Rf6 27.Nf3 Bg4 28.Ne5 Rxf1+ 29.Kxf1 Bh5
30.Rc7 Kf6 31.Nd3 Bg6 32.Nf4 Ne6 33.Nxe6 fxe6 34.Rxb7 d4 35.Rxb6 Rc8 36.Rc6 Bd3+
37.Ke1 Rxc6 38.Bxc6 Ke5 39.Kd2 Bc4 40.b5 Kd6 41.Be4 h6 42.g4 e5 43.h4 Bf7
44.a5 Kc7 45.b6+  1-0

[Event "Open"]
[Site "Ikaros GRE"]
[Date "2003.07.20"]
[Round "9"]
[White "Kouvatsou,M"]
[Black "Panagiotopolous,A"]
[Result "1-0"]
[WhiteElo "2235"]
[BlackElo "2111"]

1.e4 c5 2.c3 Nf6 3.e5 Nd5 4.d4 cxd4 5.cxd4 e6 6.Nc3 Nxc3 7.bxc3 d6 8.Nf3 Nc6
9.Bf4 Be7 10.Bd3 O-O 11.O-O Qc7 12.Re1 Rd8 13.Qe2 b6 14.Qe4 g6 15.exd6 Bxd6
16.Bxd6 Rxd6 17.Qf4 Kg7 18.Ng5 Rd7 19.Qh4 h6 20.Nxe6+ fxe6 21.Rxe6 Ne7 22.Rae1  1-0

[Event "3rd Savaria Summer Open"]
[Site "Szombathely HUN"]
[Date "2003.07.20"]
[Round "2"]
[White "Szabo,G ROM"]
[Black "Ladanyi,Z"]
[Result "1-0"]
[WhiteElo "2395"]
[BlackElo "2089"]

1.e4 c5 2.c3 Nf6 3.e5 Nd5 4.d4 cxd4 5.Nf3 Nc6 6.Bc4 Nb6 7.Bb3 d5 8.exd6 Qxd6
9.Na3 Be6 10.Nb5 Qd7 11.Bxe6 Qxe6+ 12.Be3 Qd7 13.Nbxd4 e6 14.O-O Be7 15.Nxc6 Qxc6
16.Ne5 Qd6 17.Bxb6 axb6 18.Qe2 Bf6 19.Ng4 Be7 20.Rfd1 Qc7 21.Qb5+ Qc6 22.Qxc6+ bxc6
23.Ne5 c5 24.a4 Bf6 25.Nc4 Ra6 26.Rd6 Bd8 27.Rad1 Ra8 28.Nxb6 Bxb6 29.Rxb6 Ke7
30.Rb7+ Kf6 31.Rc7 Rhb8 32.Rdd7 Rxb2 33.Rxf7+ Ke5 34.g3 Rxa4 35.Rxc5+ Kd6
36.Rg5 Rc4 37.Rgxg7 Rxc3 38.Rxh7 Rc1+ 39.Kg2 Rcc2 40.Rd7+ Ke5 41.Rhf7  1-0

[Event "Summer"]
[Site "Tel Aviv ISR"]
[Date "2003.07.21"]
[Round "2"]
[White "Kaplan,S"]
[Black "Shutzman,J"]
[Result "1/2-1/2"]
[WhiteElo "2208"]
[BlackElo "2244"]

1.e4 c5 2.c3 Nf6 3.e5 Nd5 4.d4 cxd4 5.Nf3 Nc6 6.cxd4 d6 7.Bc4 Nb6 8.Bb3 d5
9.O-O Bg4 10.Be3 e6 11.Nbd2 Be7 12.Rc1 O-O 13.Bc2 Na5 14.Qe2 Rc8 15.Rfd1 Nac4
16.Nxc4 Nxc4 17.Bd3 Nxe3 18.fxe3 f6 19.exf6 Bxf6 20.Rxc8 Qxc8 21.Qc2 Qxc2
22.Bxc2 Rc8 23.Rd2 h6 24.Kf2 Kf7 25.h3 Bh5 26.Ke2 Ke7 27.Kd1 Be8 28.Bb3 h5
29.h4 Kd6 30.g3 Bg6 31.Rf2 Rc7 32.Kd2 Be4 33.Bd1 g6 34.Ne1 Bg7 35.Nd3 Bf5
36.Bb3 Bh6  1/2-1/2

[Event "25th Politiken Cup"]
[Site "Copenhagen DEN"]
[Date "2003.07.22"]
[Round "8"]
[White "Andersson,C"]
[Black "Moller,F"]
[Result "1-0"]
[WhiteElo "2149"]
[BlackElo "1928"]

1.e4 c5 2.c3 Nf6 3.e5 Nd5 4.d4 cxd4 5.Qxd4 Nb6 6.Nf3 Nc6 7.Qe4 g6 8.h4 d6
9.exd6 Qxd6 10.Bf4 Qd5 11.Nbd2 Bf5 12.Qxd5 Nxd5 13.Bg3 Bg7 14.Bb5 O-O 15.O-O Rad8
16.Nb3 Nb6 17.Rfe1 e6 18.a4 Rd5 19.c4 Rdd8 20.Nc5 a6 21.Nxb7 axb5 22.Nxd8 Rxd8
23.Bc7 Rd7 24.Bxb6 bxa4 25.Rxa4 Bxb2 26.Ra2 Bf6 27.Be3 Nb4 28.Ra8+ Kg7 29.Bc5 Nc6
30.Bf8+ Kg8 31.Bh6+ Bd8 32.Bg5 Kg7 33.Bxd8 Rxd8 34.Rxd8 Nxd8 35.Nd4 Bd3 36.c5 Ba6
37.c6  1-0

[Event "25th Politiken Cup"]
[Site "Copenhagen DEN"]
[Date "2003.07.22"]
[Round "8"]
[White "Simonsen,H"]
[Black "Larsen,S"]
[Result "1/2-1/2"]
[WhiteElo "2233"]
[BlackElo "2310"]

1.e4 c5 2.c3 Nf6 3.e5 Nd5 4.d4 cxd4 5.Nf3 e6 6.cxd4 d6 7.Bc4 Nb6 8.Bd3 dxe5
9.dxe5 Na6 10.O-O Nb4 11.Be4 Qxd1 12.Rxd1 Rb8 13.Nc3 Bd7 14.a3 Na6 15.b4 Be7
16.Be3 Nc7 17.Rac1 Nca8 18.Nd2 O-O 19.Nb3 Rfc8 20.Nc5 Bc6 21.Bxc6 bxc6 22.N3e4 Nd5
23.Bd4 Nab6 24.Nb3 Rb7 25.Na5 Rd7 26.Nxc6 Bf8 27.Bxb6 axb6 28.Nd4 Rcd8 29.Nb5 h6
30.g3 Ra8 31.Rc6 Nxb4 32.Rxd7 Nxc6 33.f4 Bxa3 34.Ned6 Bc5+ 35.Kg2 Rf8 36.Ne4 Nb4
37.Nxc5 bxc5 38.Rc7 Na6 39.Ra7 Nb4 40.Nd6 Nd5 41.Ra5 f6 42.exf6 Nxf6 43.Rxc5 Rd8
44.Nc4 Nd7 45.Rc7 Nf6 46.Rc6 Re8 47.Kf3 Nd7 48.Rd6 Nf8 49.Ne5 Ra8 50.h4 Ra3+
51.Kg4 Ra8 52.h5 Re8 53.Kh4 Nh7 54.g4 Nf8 55.g5 hxg5+ 56.fxg5 Nh7 57.Kg4 Nf8
58.g6 Ra8 59.Rd4 Rb8 60.Kf4 Ra8 61.Ke4 Rb8 62.Nc6 Re8 63.Ke5 Kh8 64.Nd8 Kg8
65.Rd6 Re7 66.Nxe6 Rxe6+ 67.Rxe6 Nxe6 68.Kxe6 Kh8 69.h6 Kg8 70.hxg7 Kxg7
71.Kf5 Kg8 72.Kg5  1/2-1/2

[Event "ch-NED Open"]
[Site "Dieren NED"]
[Date "2003.07.22"]
[Round "1"]
[White "De Kleuver,E"]
[Black "L'Ami,E"]
[Result "0-1"]
[WhiteElo "2177"]
[BlackElo "2439"]

1.e4 c5 2.c3 Nf6 3.e5 Nd5 4.d4 cxd4 5.Nf3 Nc6 6.Bc4 Nb6 7.Bb3 d5 8.exd6 Qxd6
9.O-O Be6 10.Na3 dxc3 11.Nb5 Qxd1 12.Rxd1 Rc8 13.Bxe6 fxe6 14.Nxc3 g6 15.Re1 Nd5
16.Rxe6 Nxc3 17.bxc3 Bg7 18.Rb1 b6 19.Ba3 Bxc3 20.Rc1 Kd7 21.Re4 Bf6 22.h4 h6
23.Rc2 Rc7 24.Bc1 Nd8 25.Rxc7+ Kxc7 26.Bf4+ Kb7 27.g4 Nc6 28.g5 hxg5 29.hxg5 Bc3
30.Kg2 e5 31.Nxe5 Bxe5 32.Bxe5 Re8 33.f4 Nxe5 34.fxe5 Kc6 35.Kf3 Kd5 36.Kf4 Rh8
37.Re1 Ke6 38.Kg4 Rd8 39.Kf4  0-1

[Event "ch-NED Open"]
[Site "Dieren NED"]
[Date "2003.07.22"]
[Round "1"]
[White "Jonkman,H"]
[Black "Dogge,M"]
[Result "0-1"]
[WhiteElo "2424"]
[BlackElo "2176"]

1.e4 c5 2.c3 Nf6 3.e5 Nd5 4.Nf3 Nc6 5.d4 cxd4 6.Bc4 Nb6 7.Bb3 d5 8.exd6 Qxd6
9.O-O Be6 10.Na3 Bxb3 11.Qxb3 e6 12.Rd1 Be7 13.Nb5 Qb8 14.Nfxd4 O-O 15.Nxc6 bxc6
16.Nd4 c5 17.Nc6 Qc7 18.Nxe7+ Qxe7 19.c4 Qh4 20.f4 e5 21.Be3 Rfc8 22.Rf1 Qg4
23.Qc2 Re8 24.b3 Rac8 25.h3 Qg6 26.f5 Qc6 27.Rad1 f6 28.Qf2 a5 29.Rd2 a4
30.Rfd1 axb3 31.axb3 Qc7 32.Rd6 Re7 33.Qd2 Rce8 34.Rxb6 Qxb6 35.Qd5+ Rf7
36.Bxc5 Qxb3 37.Ra1 Qb7 38.Qd2 Qc6 39.Qe3 Rc8 40.Ra5 Rd7 41.Kh2 Rcd8 42.Rb5 Rb7
43.Rxb7 Qxb7 44.Ba3 h6 45.Bc1 Rd1 46.Qc3 Qb1 47.Bd2 Rh1+ 48.Kg3 Qxf5 49.c5 Rg1
50.c6 Qg6+ 51.Kf3 Rxg2 52.Qc4+ Kh7 53.Be1 Rc2 54.Bc3 Qf5+ 55.Ke3 Qf2+ 56.Ke4 Qg2+
57.Kf5 Qxh3+  0-1

[Event "ch-NED Open"]
[Site "Dieren NED"]
[Date "2003.07.23"]
[Round "2"]
[White "Schmitz,A"]
[Black "Wiersma,E"]
[Result "0-1"]
[WhiteElo "2179"]
[BlackElo "2371"]

1.e4 c5 2.c3 Nf6 3.e5 Nd5 4.d4 cxd4 5.cxd4 e6 6.Nf3 b6 7.Bg5 Be7 8.Bxe7 Qxe7
9.Qd2 O-O 10.Nc3 Nxc3 11.Qxc3 Bb7 12.Be2 Nc6 13.O-O Rac8 14.Qd2 d6 15.Rac1 Rfd8
16.Qe3 Rc7 17.Rc3 Rdc8 18.Rfc1 dxe5 19.dxe5 Nb4 20.a3 Nd5 21.Rxc7 Rxc7 22.Rxc7 Qxc7
23.Qd2 Kf8 24.Bd1 h6 25.Qc2 Qxc2 26.Bxc2 Nf4 27.Ne1 Ke7 28.g3 Ne2+ 29.Kf1 Nd4
30.f4 f6 31.Kf2 fxe5 32.fxe5 Bd5 33.Ke3 Nc6 34.Kf4 g5+ 35.Kg4 Nxe5+ 36.Kh5 Kf6
37.b4 Kg7 38.h4 gxh4 39.Kxh4 Nf3+ 40.Nxf3 Bxf3 41.g4 Kf6 42.Kh5 e5 43.Bf5 e4
44.Kh4 e3 45.Kg3 e2 46.Kf2 Kg5  0-1

[Event "26th Asian Juniors Girls"]
[Site "Negombo SRI"]
[Date "2003.07.23"]
[Round "7"]
[White "Mahima,R"]
[Black "Harika,D"]
[Result "1/2-1/2"]
[WhiteElo "2104"]
[BlackElo "2351"]

1.e4 c5 2.c3 Nf6 3.e5 Nd5 4.d4 cxd4 5.cxd4 Nc6 6.Nf3 d6 7.Bc4 Nb6 8.Bb5 dxe5
9.Nxe5 Bd7 10.Bxc6 Bxc6 11.Nxc6 bxc6 12.Nc3 e6 13.O-O Be7 14.Be3 O-O 15.Qe2 Nd5
16.Rac1 Qd7 17.Rfd1 Bd6 18.Ne4 Bc7 19.Qh5 f5 20.Ng5 h6 21.Nf3 Nf6 22.Ne5 Bxe5
23.dxe5 Nd5 24.Qg6 f4 25.Bc5 Rf5 26.Bd6 Rc8 27.Rd4 Rg5 28.Qe4 Qe8 29.Rdc4 Qh5
30.h4 Qxh4 31.Rxc6 Rxc6 32.Rxc6 Rf5 33.Rc8+ Kh7 34.Rf8 Qg4 35.Rxf5 Qxf5 36.Qxf5+ exf5
37.e6 g5 38.e7 Nf6 39.b4 Kg6 40.b5 Kf7 41.Bc5 Nd7 42.Bxa7 Kxe7 43.Bd4 Kd6
44.a4 Kd5 45.Ba7 Kc4 46.b6 Nc5 47.Bb8 Nb7 48.Be5 Kb4 49.Bg7 h5 50.Bh6 Kxa4
51.Bxg5 Kb5 52.Bxf4 Kxb6 53.Kh2 Kc6 54.Kg3 Kd5 55.Kh4 Nc5 56.Kxh5 Ke6 57.g4 fxg4
58.Kxg4 Nd3 59.Be3 Nxf2+ 60.Bxf2  1/2-1/2

[Event "3rd Savaria Summer Open"]
[Site "Szombathely HUN"]
[Date "2003.07.23"]
[Round "5"]
[White "Gjuran,D"]
[Black "Gruskovnjak,T"]
[Result "0-1"]
[WhiteElo "2230"]
[BlackElo "2325"]

1.e4 c5 2.c3 Nf6 3.e5 Nd5 4.d4 cxd4 5.Nf3 Nc6 6.cxd4 d6 7.Bc4 dxe5 8.dxe5 Ndb4
9.Qb3 e6 10.O-O Na5 11.Bb5+ Bd7 12.Qa4 Bxb5 13.Qxb5+ Nac6 14.Nc3 a6 15.Qe2 Qd3
16.Rd1 Qxe2 17.Nxe2 Nd5 18.Bd2 h6 19.Rac1 g5 20.Nc3 Ncb4 21.g4 Nxc3 22.bxc3 Nc6
23.Be3 Bg7 24.c4 Rd8 25.Bb6 Rd7 26.Rxd7 Kxd7 27.Rd1+ Kc8 28.Re1 Re8 29.Bc5 Na5
30.Bb6 Nc6 31.Bc5 Bf8 32.Bd6 Na5 33.c5 Kd7 34.Nd2 Bg7 35.Ne4 Nc4 36.Ng3 b6
37.Re4 Nxd6 38.cxd6 Rc8 39.Nh5 Bh8 40.h4 Rc5 41.hxg5 hxg5 42.f4 gxf4 43.Rxf4 Bxe5
44.Rxf7+ Kxd6 45.Rb7 b5 46.Rb6+ Kd5 47.Rxa6 Rc4 48.Kf2 Rxg4 49.Kf3 Rh4 50.Rb6 Rxh5
51.Rxb5+ Kd6 52.Rb6+ Ke7 53.Ke4 Kf6 54.Ra6 Rh4+ 55.Ke3 Kf5  0-1

[Event "3rd Savaria Summer Open"]
[Site "Szombathely HUN"]
[Date "2003.07.23"]
[Round "5"]
[White "Kernazhitsky,L"]
[Black "Szeberenyi,A"]
[Result "1/2-1/2"]
[WhiteElo "2402"]
[BlackElo "2385"]

1.e4 c5 2.c3 Nf6 3.e5 Nd5 4.d4 cxd4 5.Nf3 d6 6.cxd4 Nc6 7.Bc4 dxe5 8.Bxd5 Qxd5
9.Nc3 Qd6 10.d5 Nd4  1/2-1/2

[Event "ch-NED Open"]
[Site "Dieren NED"]
[Date "2003.07.24"]
[Round "3"]
[White "Jonkman,H"]
[Black "Boel,M"]
[Result "1-0"]
[WhiteElo "2424"]
[BlackElo "2192"]

1.e4 c5 2.c3 Nf6 3.e5 Nd5 4.Nf3 Nc6 5.d4 cxd4 6.Bc4 Nb6 7.Bb3 d5 8.exd6 Qxd6
9.O-O Be6 10.Bxe6 Qxe6 11.Nxd4 Qd5 12.Nxc6 Qxc6 13.Nd2 e6 14.Qg4 h5 15.Qh3 Be7
16.Re1 Rd8 17.Nf3 Qd5 18.Be3 Na4 19.Bxa7 Nxb2 20.Re5 Qd3 21.Bd4 Ra8 22.Rxh5 Rxh5
23.Qxh5 Rxa2 24.Re1 Nc4 25.Qb5+ Kf8 26.Qxb7 Nd6 27.Qb8+ Ne8 28.Ne5  1-0